Kiežby si bol tu

Guardado en:
Detalles Bibliográficos
Autor principal: Brown, Rita Mae
Otros Autores: Brown, Sneaky Pie, Lorková, Zuzana
Formato: Libro
Lenguaje:eslovaco
Publicado: Praha Motto 2015
Edición:1. vyd.
Materias:
Etiquetas: Agregar Etiqueta
Sin Etiquetas, Sea el primero en etiquetar este registro!

MARC

LEADER 00000nam a2200000 4500
001 0200144
005 20240502083508.8
020 |a 978-80-267-0296-2 
041 0 |a slo 
044 |a CZ 
245 1 0 |a Kiežby si bol tu  |c Rita Mae Brown & Sneaky Pie Brown ; preložila Zuzana Lorková 
250 |a 1. vyd. 
264 1 |a Praha  |b Motto  |c 2015 
300 |a 246 s. [10 AH] 
610 2 0 |a literatúra 
610 2 0 |a preklady 
100 1 |a Brown, Rita Mae 
700 1 |a Brown, Sneaky Pie 
700 1 |a Lorková, Zuzana